LEADER 01726nam a2200205 i 4500 001 000000221724 003 CaOOAMICUS 005 20130806000000.0 008 130806s1590 it u000 u lat u 013 $a200621 040 $aSeMil$bita 245 10$aDivi Thomae Aquinatis, Doctoris Angelici nuncupati, Quaestiones quodlibetales ; Quas nuperrime in hac editione, expunctis, quo ad eius fieri potuit, erroribus, et exacta cum praestantioeribus codicibus collatione facta, in hanc etiam nos, quo comodius studiosis inservirent, novam et elegantem formam redegimus. 260 $aBergamo :$bTypis Comini Venturae,$c1590. 300 $a14 x 21 ;$c[1] c., + [4] p., + [1] c., + 142 p., + [1] c. ;$ccaratteri romani. 500 $aE' legato con : De Vio, Tommaso, Opuscola omnia... ; Hunnaeus, Augustinus, De Sacramentis Ecclesiae Christi Axiomata ; Hunnaeus, Augustinus, Brevissimus Catechismus Catholicus. - Descrizione da : Incunaboli e Cinquecentine della Biblioteca del Seminario di Milano / catalogo a cura di Ubaldo Valentini, Appendice V, (pubblicata in La Scuola Cattolica n. 131, Anno 2003, pp. 351-375. - Numero di catalogo : 1821. 850 $aSeMil 852 $aSeMil$W1$xVenegono$y1$mFV.F I 86/2$j172073$B172073$CSeMilBibl$Z2$F182665 $86 961 $aRecupero: Deposito 996 $6245$aDivi Thomae Aquinatis, Doctoris Angelici nuncupati, Quaestiones quodlibetales ; Quas nuperrime in hac editione, expunctis, quo ad eius fieri potuit, erroribus, et exacta cum praestantioeribus codicibus collatione facta, in hanc etiam nos, quo comodius studiosis inservirent, novam et elegantem formam redegimus$9(OLS)http://semarc/title/317870 996 $6260$aBergamo :$bTypis Comini Venturae$9(OLS)http://semarc/publisher/53214